000 01053nam a2200253 u 4500
001 000462639
003 AM-YeHGA
005 20250617133631.0
008 051109s1977 ||||||||||||||||||||rus|d
040 _aAM-YeHGA
041 1 _arus
_hger
100 1 _aЭйнштейн, Альфред
245 1 0 _aМоцарт :
_bЛичность. Творчество /
_cА. Эйнштейн ; Ред. пер.: Е.С. Черной ; Пер. с нем. Е.М. Закс.
260 _aМосква :
_bМузыка,
_c1977.
300 _a453 с. :
_bпортр., нот. ил.
534 _pОригинал :
_tMozart : Sein charakter. Sein Werk /
_aA. Einstein
_cStockholm : 1947
600 1 4 _aМоцарт, Вольфганг Амадей
_d1756-1791
650 1 4 _aКомпозиторы австрийские
650 1 4 _aМузыкальная культура
_zАвстрия
653 0 _aАвстрийская музыка - 18 в.
700 1 _aЧерной, Е.С.
_eред.
_4edt
700 1 _aЗакс, Е.М.
_eпер.
_4trl
090 _c170140
999 _c168707
_d168707